Africa - 60 second sprint - Statistics

General Stats
  • This quiz has been taken 20 times
  • The average score is 30 of 54
Answers on the Map
Answers color-coded by a green-red scale on the quiz's map according to % correct below.
 
Answer Stats
Answer % Correct
Libya
100%
Algeria
92%
Egypt
92%
Kenya
92%
Morocco
92%
Central African Republic
85%
Mali
85%
Niger
85%
Tanzania
85%
Tunisia
85%
Chad
77%
DR Congo
77%
Ghana
77%
Nigeria
77%
Republic of the Congo
77%
Somalia
77%
Sudan
77%
Cameroon
69%
Djibouti
69%
Ethiopia
69%
South Sudan
69%
Eritrea
62%
Liberia
62%
Madagascar
62%
Mauritania
62%
Benin
54%
Guinea
54%
Guinea-Bissau
54%
Rwanda
54%
Togo
54%
Angola
46%
Burkina Faso
46%
Burundi
46%
Comoros
46%
Gabon
46%
Namibia
46%
South Africa
46%
Malawi
38%
Mozambique
38%
Uganda
38%
Botswana
31%
Cape Verde
31%
Côte d'Ivoire
31%
Gambia
31%
Lesotho
31%
Sao Tome and Principe
31%
Senegal
31%
Sierra Leone
31%
Equatorial Guinea
23%
Eswatini
23%
Mauritius
23%
Seychelles
23%
Zambia
8%
Zimbabwe
8%
No matching quizzes found
Score Distribution
Percent of People with Each Score
Percentile by Number Answered
Your Score History
You have not taken this quiz